Bands that Start with "S" - Statistics

General Stats
  • This quiz has been taken 51 times
  • The average score is 15 of 33
Answer Stats
Hint Band % Correct
"Anarchy in the U.K.", "God Save the Queen" Sex Pistols
89%
"Black Hole Sun", "Spoonman", "Rusty Cage" Soundgarden
85%
"Born to Be Wild", "Magic Carpet Ride" Steppenwolf
78%
"Eye of the Tiger" Survivor
78%
"Black Magic Woman", Abraxas Santana
76%
"Rock You Like a Hurricane", "Wind of Change" Scorpions
76%
"Don't You Forget About Me", "Alive and Kicking" Simple Minds
61%
"Chop Suey!", "Sugar", Toxicity System of a Down
61%
"Cum On Feel the Noize", "Merry Xmas Everybody" Slade
59%
"1979", "Bullet with Butterfly Wings", "Today" Smashing Pumpkins
59%
"The Joker", "Fly Like an Eagle", "Abracadabra" Steve Miller Band
59%
"Come Sail Away", "Mr. Roboto" Styx
54%
"True", "Gold" Spandau Ballet
52%
"Reelin' in the Years", "Do It Again", Aja Steely Dan
52%
"Interstate Love Song", "Plush", "Creep" Stone Temple Pilots
50%
"The Logical Song", Breakfast in America Supertramp
50%
"Chasing Cars", "Spitting Games" Snow Patrol
43%
"How Soon Is Now?", "This Charming Man" The Smiths
43%
"Two Princes", Pocket Full of Kryptonite Spin Doctors
41%
"Last Nite", "Someday", Is This It The Strokes
41%
"Santeria", "What I Got", 40oz. to Freedom Sublime
39%
"Duality", "Wait and Bleed", Iowa Slipknot
33%
"Everyday People", There's a Riot Goin' On, Stand! Sly and the Family Stone
33%
"Angel of Death", Reign in Blood Slayer
30%
"Stonehenge", "Big Bottom", Break Like the Wind Spın̈al Tap
30%
"I Wanna Be Adored". "Fools Gold" The Stone Roses
30%
Ágætis byrjun, "Hoppípolla", "Svefn-g-englar" Sigur Rós
20%
Daydream Nation, Goo, Sister Sonic Youth
20%
Dog Man Star, Coming Up, "Beautiful Ones" Suede
20%
"Tomorrow", "Ana’s Song", Frogstomp Silverchair
17%
"In the Meantime", Resident Alien Spacehog
17%
"Nearly Lost You", "All I Know", Mark Lanegan Screaming Trees
13%
Fun House, Raw Power The Stooges
13%
No matching quizzes found
Score Distribution
Percent of People with Each Score
Percentile by Number Answered
Your Score History
You have not taken this quiz